Kraje, które były w Związku Radzieckim, a nie graniczą z Rosją - Statystyki

Ogólne statystyki
  • Ten quiz został rozwiązany 160 razy
  • Średni wynik to 5 z 6
Statystyki odpowiedzi
Kraj % Poprawnych
Kirgistan
91%
Tadżykistan
88%
Turkmenistan
88%
Uzbekistan
87%
Mołdawia
83%
Armenia
78%
Nie znaleziono quizów pasujących do podanych kryteriów
Rozkład punktacji
Procent ludzi z każdym wynikiem
Percentyl według liczby udzielonych odpowiedzi
Twoja historia wyników
Nie rozwiązałeś tego quizu